Gaming Quiz

Random Gaming or Board Games Quiz

Mouse Trap Game Quiz Stats

 Plays Quiz not verified by Sporcle

Also try: Minecraft Mobs
Challenge
Share
Tweet
Embed
Score 0/19 Timer 05:00
0 Plays Today
Instructions Piece % Correct
holding themetal ball
74.6%
Players turn thecrank
73.7%
and trap the unsuspectingmouse
73.7%
the weight of (I) catapults thediver
62.3%
causing thecage
55.3%
tipping thebucket
54.4%
and also through thebathtub
46.5%
against theshoe
38.6%
which rotates thegears
37.7%
which rolls down therickety stairs
36%
Instructions Piece % Correct
which leads it to hit thehelping hand rod
30.7%
to move and push thestop sign
24.6%
causing thelever
16.7%
to land on thediving board
15.8%
causing thebowling ball
12.3%
and into therainpipe
11.4%
through the air and into thewash tub
9.6%
to fall from the top of thepost
9.6%
to fall from top of the (H) through thething-a-ma-jig
6.1%

You're not logged in!

Compare scores with friends on all Sporcle quizzes.
Join for Free
OR
Log In

You Might Also Like...

Show Comments

Extras

Top Quizzes Today


Score Distribution

Your Account Isn't Verified!

In order to create a playlist on Sporcle, you need to verify the email address you used during registration. Go to your Sporcle Settings to finish the process.

Report this User

Report this user for behavior that violates our Community Guidelines.

Details: